| Поле | Инд. | ПП | Название | Значение |
|---|---|---|---|---|
| Тип записи | a | |||
| Библиографический уровень | m | |||
| 001 | Контрольный номер | RU/LIBMSTU/312040977 | ||
| 005 | Дата корректировки | 20140505130850.8 | ||
| 008 | Кодируемые данные | 091124|||||||||ru |||||||||||000|||rus|| | ||
| 020 | a | ISBN | 978-5-482-01881-1 | |
| c | Цена, тираж | 180-00 | ||
| 040 | b | Код языка каталог. | rus | |
| 041 | a | Код языка текста | rus | |
| 084 | a | Индекс другой классификации/Индекс ББК | 67я2 | |
| 090 | a | Полочн. индекс | 67я2 | |
| x | Авторский знак | К 78 | ||
| 245 | 10 | a | Заглавие | Краткий юридический словарь |
| c | Ответственность | [А. В. Малько и др.] ; отв. ред. А. В. Малько | ||
| 260 | a | Место издания | Москва | |
| b | Издательство | Проспект | ||
| c | Дата издания | 2008 | ||
| 300 | a | Объем | 494, [2] с. | |
| 500 | a | Примечание | Авт. указаны на обороте тит. л. | |
| 504 | a | Библиография | Библиогр.: с. 494-495 | |
| 650 | a | Основная рубрика | Право-Словари | |
| 653 | a | Ключевые слова | Государство | |
| a | Ключевые слова | Гражданское право | ||
| a | Ключевые слова | Информационное право | ||
| a | Ключевые слова | Конституционное право | ||
| a | Ключевые слова | Право | ||
| a | Ключевые слова | Уголовное право | ||
| a | Ключевые слова | Экономическое право | ||
| 700 | a | Другие авторы | Малько А. В. | |
| e | Роль лиц | авт.-ред. | ||
| 901 | t | Тип документа | m |